00462nam a22001577a 450000500170000001000130001702000260003003500130005603700090006908200100007810000180008824500840010626000340019027000480022430000320027220210412102711.0 aB-739761 a9788170821076c270.00 aB-739761 bGift a133.5 aViswanath, MK aBasics of nakshatra padhathi (Marriage, Profession & Health) /cby MK Viswanath aNew DelhibSagar Publications a72, Janpath, Ved MansionbNew Delhie110001 axi, 291p.:bill.c21cm(pbk)